000 01166nam a22002177a 4500
005 20210325193320.0
008 s2547 th tha d
041 _atha
090 _aว QL444.M33 ป231ค
100 0 _aจุรี ประสารการ
245 1 0 _aโครงการ "ศึกษาแนวทางการเพิ่มปริมาณปูดำโดยพึ่งพาระบบนิเวศป่าโกงกางแบบยั่งยืน บ้านบางติม อำเภอคุระบุรี จังหวัดพังงา" (ระยะที่ 1)
260 3 _aกรุงเทพฯ :
_bสำนักงานกองทุนสนับสนุนการวิจัย,
_c2547
300 _a55 หน้า :
_b ภาพประกอบ, ตาราง, แผนที่ ;
_c 29 ซม.
650 0 4 _aปูดำ -- วิจัย
650 0 4 _aปูดำ -- ไทย -- พังงา
700 0 _aจุรี ประสารการ
850 _aNALT
942 _cRSH
997 _c000000000039735
_kVC
998 _aARUNTHIP
999 _c39735
_d39735